000 00645nam a2200229Ia 4500
003 OSt
005 20220925170517.0
006 a|||||r|||| 00| 0
007 ta
008 220923b |||||||| |||| 00| 0 eng d
037 _cGeneral Book
040 _aRTL
_cRTL
_beng
041 _2eng
_aeng
082 _aX79C.216.N7, L4
100 _aNaidu Y Ramaswamy
_9237093
245 0 _aLocal finances in Andhra Pradesh
260 _aBangalore
_bTriputi
_c1974
300 _axxviii, 508p
_ccm.
500 _aBibliography: P 491-508
942 _hX79C.216.N7, L4
_cGB
_2CC
999 _c480307
_d480307